000 00592nam a22002297a 4500
003 UA-OsUOA
001 87230
007 ta
008 20120915b un ||||| |||| 00| 0 ukr d
100 _aПаперный З.
090 _a82.09
_bП17
942 _cBK
040 _aUA-OsUOA
_brus
_cUA-OsUOA
_dUA-OsUOA
245 _aА. П. Чехов
_bОчерк творчества
300 _a300 с.
955 _a1
041 _arus
080 _a82.09
260 _aМ.
_bГИХЛ
_c1960
650 7 _a82 Література. Літературознавство
_2UDC
999 _c373521
_d373521